000 00501nam a22001337a 4500
008 160209b xxu||||| |||| 00| 0 eng d
050 _aSPC S517.R5 M4
100 _aMcDonald, J. G.
_922083
245 _aA report on certain work and experiments carried out on behalf of the rhodes trustees on the matopo and inyanga estates
_cJ. G. McDonald
260 _aBulawayo
_bArgus Printing and Publishing Co. LTD.
_c1914
300 _a142p. ;
_c18cm.
650 _aFarming
_zZimbabwe
_922084
942 _2lcc
_cSPC
999 _c124105
_d124105